Catálogo
 En Linea

El cine de Hollywood / (Registro nro. 42623)

Detalles MARC
000 -CABECERA
campo de control de longitud fija 00621nam a2200205 a 4500
001 - NÚMERO DE CONTROL
campo de control 000043134
005 - FECHA Y HORA DE LA ÚLTIMA TRANSACCIÓN
campo de control 20201002040649.0
008 - DATOS DE LONGITUD FIJA--INFORMACIÓN GENERAL
campo de control de longitud fija 140220s1995 sp 000 0 spa d
020 ## - NÚMERO INTERNACIONAL ESTÁNDAR DEL LIBRO
Número Internacional Estándar del Libro 8448302435
040 ## - FUENTE DE LA CATALOGACIÓN
Centro catalogador/agencia de origen DO-SdBNP
Lengua de catalogación spa
Centro/agencia transcriptor BNPHU
041 17 - CÓDIGO DE LENGUA
Código de lengua del texto/banda sonora o título independiente eng
Código de lengua original spa
082 ## - NÚMERO DE LA CLASIFICACIÓN DECIMAL DEWEY
Número de clasificación xxxx
Número de documento/Ítem xxx
100 1# - ENTRADA PRINCIPAL--NOMBRE DE PERSONA
Nombre de persona Nacache, Jacqueline,
Fechas asociadas al nombre 1953-
9 (RLIN) 70687
240 10 - TÍTULO UNIFORME
Título uniforme Le film hollywoodien clasique
Lenguaje de la obra Español
245 13 - MENCIÓN DE TÍTULO
Título El cine de Hollywood /
Mención de responsabilidad, etc. Jacqueline Nacache ; traducción de Carla Revuelta.
260 ## - PUBLICACIÓN, DISTRIBUCIÓN, ETC.
Lugar de publicación, distribución, etc. Madrid :
Nombre del editor, distribuidor, etc. Acento,
Fecha de publicación, distribución, etc. 1995.
300 ## - DESCRIPCIÓN FÍSICA
Extensión 95 p.
504 ## - NOTA DE BIBLIOGRAFÍA, ETC.
Nota de bibliografía, etc. Bibliografía : p. 94-95
700 12 - PUNTO DE ACCESO ADICIONAL--NOMBRE DE PERSONA
Nombre de persona Revuelta, Carla
Término indicativo de función/relación tr.
9 (RLIN) 70688
Existencias
Estado de retiro Estado de pérdida Restricciones de uso No para préstamo Código de colección Localización permanente Ubicación/localización actual Ubicación en estantería Fecha de adquisición Número de inventario Total de préstamos Signatura topográfica completa Código de barras Fecha visto por última vez Precio válido a partir de Tipo de ítem Koha
      Excluido de préstamo Monografías: Libros y Folletos General General En catalogación 20.02.2014 LF1   xxxx xxx 43134-10 25.06.2020 25.06.2020 No se presta

Con tecnología Koha